00490nam a22001577a 4500003000400000082001600004100002000020245004100040260003600081300000700117650001600124653002100140942001400161952014000175999001700315SGT a617.3bC87B aBRODY, DAVID M. aCLINICAL SYMPOSIA : RUNNING INJURIES aNEW YORKbCABI- GEIGY PUBc1987 a32 aORTHOPEDICS aRUNNING INJURIES 2ddccRARE 00102ddc40718NURSINGaFMbFMcREFd2022-03-02eCOMP.hVOL-39 ISSUE- 3l0o617.3 C87BpFN4680r2022-03-02 00:00:00w2022-03-02yRARE c22331d22331